[Event "SR 2. liga A 2008/2009"]
[Site "?"]
[Date "2009.02.28"]
[Round "10.4"]
[White "Csiba, Peter"]
[Black "Kovacova, Zuzana"]
[Result "0-1"]
[WhiteElo "2041"]
[BlackElo "2107"]
[PlyCount "110"]
[EventDate "2008.??.??"]
[WhiteTeam "Slovakia"]
[BlackTeam "II"]
[WhiteTeamCountry "SVK"]
[BlackTeamCountry "SVK"]

1. e4 e5 2. Nf3 Nc6 3. Nc3 d6 4. g3 g6 5. Bg2 Bg7 6. O-O Nge7 7. d3 O-O 8. Nd5
h6 9. c3 Be6 10. Ne1 Kh8 11. b4 Qd7 12. Be3 Ng8 13. Nc2 Nd8 14. c4 f5 15. b5 c6
16. Nc3 f4 17. gxf4 exf4 18. Bd4 Nf6 19. e5 dxe5 20. Bxe5 Ng4 21. Bxg7+ Kxg7
22. Ne4 Bf5 23. d4 cxb5 24. cxb5 Qxb5 25. d5 Qa4 26. Re1 Nf6 27. Nd4 Qxd1 28.
Raxd1 Bg4 29. f3 Bd7 30. Nc5 Rf7 31. Re5 Rc8 32. Ne4 Nxe4 33. Rxe4 Ba4 34. Rd2
Bd7 35. Kf2 g5 36. Ne6+ Kf6 37. Bh3 Re7 38. Bg4 Nxe6 39. dxe6 Bxe6 40. Rd6 Rc6
41. Rxc6 bxc6 42. Bxe6 Rxe6 43. Ra4 Re7 44. Ra6 Rc7 45. Ke2 h5 46. h3 Kf5 47.
Kf2 g4 48. hxg4+ hxg4 49. fxg4+ Kxg4 50. Ra4 Rb7 51. Kg2 c5 52. Kf2 c4 53. Rxc4
Rb2+ 54. Kf1 Rxa2 55. Rc7 a5 0-1

[Event "SR 2. liga A 2008/2009"]
[Site "?"]
[Date "2009.02.28"]
[Round "10.4"]
[White "Hecko, Dusan"]
[Black "Hazir, Svetozar"]
[Result "0-1"]
[WhiteElo "2160"]
[BlackElo "2143"]
[Annotator "Fritz 9 (20s)"]
[PlyCount "68"]
[EventDate "2008.??.??"]
[WhiteTeam "Slovakia"]
[BlackTeam "II"]
[WhiteTeamCountry "SVK"]
[BlackTeamCountry "SVK"]

{A22: English Opening: 1...e5 2 Nc3 Nf6} 1. c4 e5 2. Nc3 Nf6 3. g3 Bb4 4. Bg2
c5 {novinka} (4... O-O 5. Nf3 $11) 5. Nf3 Nc6 6. O-O O-O 7. d3 Bxc3 8. bxc3 d5
9. cxd5 Nxd5 10. Qc2 h6 11. e4 Nde7 12. Ne1 Be6 13. f4 f6 14. f5 Bf7 15. Be3 c4
16. Rf2 (16. Rd1 $5 $14 {stalo za pozornost}) 16... cxd3 $11 17. Nxd3 Na5 18.
Rd1 Qc7 19. Nb4 (19. Nc5 Nc4 20. Rd7 Qc6 $11 (20... Nxe3 $143 21. Rxc7 Nxc2 22.
Rxc2 $14)) 19... Nc4 $15 20. Bc1 Rfd8 21. h4 (21. Qe2 Rxd1+ 22. Qxd1 Rd8 $15)
21... Rxd1+ $17 22. Qxd1 Rd8 23. Qc2 Qd6 24. Bf1 a5 25. Bxc4 $2 (25. Nd3 $142
$17) 25... Bxc4 $19 26. Nd5 Nxd5 27. exd5 Qxd5 28. Kh2 b5 29. g4 Bd3 30. Qd2 $2
(30. Qb3 $142 $19) 30... Qe4 31. Rg2 Kf7 32. Qf2 Rd7 33. Qb6 Bc4 34. g5 $4 (34.
Qe3 Qa8 35. Rd2 Rxd2+ 36. Qxd2 $19) 34... Qxh4+ (34... Qxh4+ 35. Kg1 Rd1#) 0-1

[Event "SR 2. liga A 2008/2009"]
[Site "?"]
[Date "2009.02.28"]
[Round "10.4"]
[White "Janos, Ivan"]
[Black "Matulik, Daniel"]
[Result "1-0"]
[WhiteElo "2159"]
[BlackElo "2169"]
[PlyCount "57"]
[EventDate "2008.??.??"]
[WhiteTeam "Slovakia"]
[BlackTeam "II"]
[WhiteTeamCountry "SVK"]
[BlackTeamCountry "SVK"]

1. e4 c6 2. d4 d5 3. f3 dxe4 4. fxe4 e5 5. Nf3 exd4 6. Bc4 Be6 7. Bxe6 fxe6 8.
O-O Be7 9. Nxd4 Qd7 10. Qh5+ g6 11. Qe5 Bf6 12. Rxf6 Nxf6 13. Qxf6 Rf8 14.
Qxe6+ Qxe6 15. Nxe6 Rf7 16. Bg5 Na6 17. e5 Nc7 18. Nxc7+ Rxc7 19. Nc3 Kd7 20.
Ne4 Ke6 21. Bf6 c5 22. c4 h6 23. Rd1 a6 24. Rd6+ Kf5 25. Ng3+ Kf4 26. Rd3 g5
27. Rf3+ Kg4 28. h3+ Kh4 29. Rf4+ 1-0

[Event "SR 2. liga A 2008/2009"]
[Site "?"]
[Date "2009.02.28"]
[Round "10.4"]
[White "Kovac, Andrej"]
[Black "Polacik, Igor"]
[Result "1-0"]
[WhiteElo "2038"]
[BlackElo "2194"]
[PlyCount "117"]
[EventDate "2008.??.??"]
[WhiteTeam "Slovakia"]
[BlackTeam "II"]
[WhiteTeamCountry "SVK"]
[BlackTeamCountry "SVK"]

1. d4 Nf6 2. c4 e6 3. Nf3 b6 4. e3 Bb7 5. Bd3 Be7 6. O-O O-O 7. Nc3 d6 8. b3
Nbd7 9. Bb2 c5 10. Qe2 Rc8 11. Rfd1 cxd4 12. exd4 Qc7 13. Nb5 Qb8 14. d5 e5 15.
Bf5 a6 16. Nc3 Qc7 17. Nd2 Rce8 18. Nf1 g6 19. Bh3 Nh5 20. g3 f5 21. Ne3 Ng7
22. Ng2 Bc8 23. f4 e4 24. b4 Bb7 25. Ne3 Rc8 26. Rac1 h5 27. Qd2 Bf6 28. Ne2
Bxb2 29. Qxb2 b5 30. cxb5 Qb6 31. Nd4 axb5 32. Bf1 Ba6 33. Kf2 Nf6 34. Be2 Rxc1
35. Rxc1 Bb7 36. Bxb5 Kh7 37. Bc6 Rc8 38. b5 Ng4+ 39. Nxg4 fxg4 40. Kg2 Nf5 41.
Nxf5 gxf5 42. Qf6 Qe3 43. Qxf5+ Kg7 44. Qg5+ Kf7 45. Qxh5+ Kf6 46. Qg5+ Kf7 47.
Qf5+ Ke7 48. Qe6+ Kf8 49. Qxd6+ Kf7 50. Qe6+ Kf8 51. Qf5+ Kg7 52. Qxg4+ Kf8 53.
Rf1 Ra8 54. Rf2 Bc8 55. Qh4 Qd4 56. Bxa8 e3 57. Qh6+ Ke7 58. d6+ Kf7 59. Qh7+
1-0

[Event "SR 2. liga A 2008/2009"]
[Site "?"]
[Date "2009.02.28"]
[Round "10.4"]
[White "Skara, Vladimir"]
[Black "Hertel, Ondrej"]
[Result "1/2-1/2"]
[WhiteElo "2097"]
[BlackElo "2040"]
[PlyCount "74"]
[EventDate "2008.??.??"]
[WhiteTeam "Slovakia"]
[BlackTeam "II"]
[WhiteTeamCountry "SVK"]
[BlackTeamCountry "SVK"]

1. e4 c6 2. d4 d5 3. Nc3 dxe4 4. Nxe4 Nd7 5. Bc4 Ngf6 6. Ng3 e6 7. Nf3 Be7 8.
O-O b5 9. Bb3 Bb7 10. Re1 c5 11. c4 bxc4 12. Bxc4 O-O 13. Ng5 Bd5 14. Bxd5 Nxd5
15. Qh5 N7f6 16. Qh3 cxd4 17. Re4 h6 18. Rh4 Nh7 19. Nxh7 Bxh4 20. Nxf8 Kxf8
21. Ne4 Bf6 22. Bd2 Rc8 23. g4 Kg8 24. f4 Qb6 25. g5 hxg5 26. fxg5 Be5 27. Rf1
Ne7 28. g6 Nxg6 29. Ng5 Bf6 30. Qh7+ Kf8 31. Rxf6 d3+ 32. Kf1 Rc7 33. Nxe6+ Ke7
34. Nxc7 Qxf6+ 35. Kg1 Qb6+ 36. Kg2 Qxc7 37. Qxg7 Qc6+ 1/2-1/2

[Event "SR 2. liga A 2008/2009"]
[Site "?"]
[Date "2009.02.28"]
[Round "10.5"]
[White "Bezuch, Martin"]
[Black "Padysak, Tomas"]
[Result "1-0"]
[WhiteElo "2238"]
[BlackElo "1941"]
[PlyCount "105"]
[EventDate "2008.??.??"]
[WhiteTeam "Slovakia"]
[BlackTeam "II"]
[WhiteTeamCountry "SVK"]
[BlackTeamCountry "SVK"]

1. e4 e5 2. Nf3 Nc6 3. Bc4 Nf6 4. d3 Bc5 5. c3 d6 6. Nbd2 O-O 7. Bb3 Be6 8. O-O
h6 9. Nc4 Bb6 10. a4 Nd7 11. Ne3 Bxb3 12. Qxb3 Nc5 13. Qc2 a6 14. Nf5 Ne6 15.
Qe2 Ne7 16. N3h4 Ng6 17. g3 Qf6 18. Ng2 Ne7 19. Nge3 Nxf5 20. exf5 Bxe3 21.
fxe3 Nc5 22. e4 Nb3 23. Rb1 Nxc1 24. Rfxc1 b5 25. b4 Rfc8 26. c4 bxa4 27. Ra1
c5 28. Rxa4 cxb4 29. Rxb4 Rcb8 30. Ra4 Qg5 31. Rca1 Rb6 32. Kf2 h5 33. h4 Qh6
34. Qe3 Rb2+ 35. Kf3 Qxe3+ 36. Kxe3 Rab8 37. Rxa6 Kh7 38. R1a2 Rb1 39. Rxd6
Re1+ 40. Re2 Rg1 41. Kf3 Rb3 42. Rd8 Rc1 43. Ra2 Rf1+ 44. Ke3 Re1+ 45. Kd2 Rbb1
46. Kc3 Rec1+ 47. Rc2 Rg1 48. c5 Rb7 49. c6 Rc7 50. Kb4 Rb1+ 51. Kc5 Ra1 52.
Kd6 Raa7 53. Rd7 1-0

[Event "SR 2. liga A 2008/2009"]
[Site "?"]
[Date "2009.02.28"]
[Round "10.5"]
[White "Deak, Gabriel"]
[Black "Vach, Pavol"]
[Result "0-1"]
[WhiteElo "2044"]
[BlackElo "2104"]
[PlyCount "33"]
[EventDate "2008.??.??"]
[WhiteTeam "Slovakia"]
[BlackTeam "II"]
[WhiteTeamCountry "SVK"]
[BlackTeamCountry "SVK"]

1. d4 e6 2. Nf3 d5 3. Bf4 Nf6 4. e3 c5 5. c3 Nc6 6. Bd3 h6 7. Nbd2 Bd6 8. Ne5
Qc7 9. Ndf3 cxd4 10. Nxc6 bxc6 11. Bxd6 Qxd6 12. exd4 O-O 13. O-O c5 14. Qe2
cxd4 15. cxd4 Rb8 16. Rac1 Bd7 17. Rc2 {mobil} 0-1

[Event "SR 2. liga A 2008/2009"]
[Site "?"]
[Date "2009.02.28"]
[Round "10.5"]
[White "Gajarsky, Roman"]
[Black "Sustak, Roman"]
[Result "0-1"]
[WhiteElo "1943"]
[BlackElo "1975"]
[PlyCount "66"]
[EventDate "2008.??.??"]
[WhiteTeam "Slovakia"]
[BlackTeam "II"]
[WhiteTeamCountry "SVK"]
[BlackTeamCountry "SVK"]

1. e4 e6 2. d4 d5 3. e5 c5 4. c3 Nc6 5. Nf3 Nge7 6. Na3 cxd4 7. cxd4 Ng6 8. Nc2
Be7 9. Bd3 O-O 10. a3 Bd7 11. b4 f5 12. exf6 Bxf6 13. Bxg6 hxg6 14. g4 Qb6 15.
g5 Be7 16. Qd3 Rxf3 17. Qxf3 Nxd4 18. Nxd4 Qxd4 19. Rb1 Rf8 20. Qe3 Qg4 21. Bb2
Rf4 22. Kd2 Qf5 23. Rhf1 Ba4 24. Qc3 Bf8 25. Qd3 Re4 26. Bd4 Bb5 27. Qc3 e5 28.
Bc5 Rc4 29. Qb3 d4 30. f4 e4 31. Bxa7 e3+ 32. Kd1 Ba4 33. Qxa4 Qg4+ 0-1

[Event "SR 2. liga A 2008/2009"]
[Site "?"]
[Date "2009.02.28"]
[Round "10.5"]
[White "Mihalik, Marek"]
[Black "Beles, Milan"]
[Result "1-0"]
[WhiteElo "2098"]
[BlackElo "2083"]
[PlyCount "101"]
[EventDate "2008.??.??"]
[WhiteTeam "Slovakia"]
[BlackTeam "II"]
[WhiteTeamCountry "SVK"]
[BlackTeamCountry "SVK"]

1. d4 d5 2. c4 dxc4 3. Nf3 Nf6 4. e3 c5 5. Bxc4 e6 6. O-O Nc6 7. Nc3 a6 8. a4
Be7 9. b3 O-O 10. Bb2 Qb6 11. Ne2 Rd8 12. dxc5 Bxc5 13. Qc2 Be7 14. Rfd1 Bd7
15. Ne5 Nxe5 16. Bxe5 Bc6 17. Nf4 Qa5 18. Bc3 Qg5 19. Bf1 Nd5 20. Nxd5 Bxd5 21.
Qb2 Bf6 22. Bxf6 Qxf6 23. Qxf6 gxf6 24. b4 Rac8 25. a5 Bc6 26. h3 Kf8 27. Rac1
Ke7 28. Rxd8 Rxd8 29. Bxa6 Bxg2 30. Bf1 Be4 31. Kh2 Rd2 32. Kg3 Rb2 33. Rc4 Bd5
34. Rd4 f5 35. Bg2 Bxg2 36. Kxg2 e5 37. Rc4 Kd6 38. Kf3 Kd5 39. Rc5+ Kd6 40.
Rb5 e4+ 41. Kg3 Kc6 42. Rc5+ Kd6 43. Rxf5 Rxb4 44. Rxf7 Rb5 45. Rxh7 Rxa5 46.
Rxb7 Ke5 47. Re7+ Kf5 48. Rf7+ Ke5 49. Kg4 Ra2 50. h4 Ke6 51. Rf8 1-0

[Event "SR 2. liga A 2008/2009"]
[Site "?"]
[Date "2009.02.28"]
[Round "10.5"]
[White "Mikulas, Dusan"]
[Black "Sturdik, Igor"]
[Result "1-0"]
[WhiteElo "2183"]
[BlackElo "2022"]
[PlyCount "131"]
[EventDate "2008.??.??"]
[WhiteTeam "Slovakia"]
[BlackTeam "II"]
[WhiteTeamCountry "SVK"]
[BlackTeamCountry "SVK"]

1. e4 Nf6 2. e5 Nd5 3. d4 d6 4. c4 Nb6 5. exd6 exd6 6. h3 Bf5 7. Nf3 Be7 8. Be2
O-O 9. O-O Nc6 10. Nc3 Bf6 11. b3 Re8 12. Be3 d5 13. c5 Nc8 14. Qd2 h6 15. Nh2
b6 16. cxb6 axb6 17. Rac1 N6a7 18. Ng4 Bxg4 19. Bxg4 c6 20. Ne2 Nd6 21. Ng3 Be7
22. Qd3 Bf8 23. Bf4 Rb8 24. Be5 Rb7 25. Rc2 c5 26. Qa6 Qa8 27. Bf3 Rbb8 28.
Bxd6 Bxd6 29. Nf5 Bf8 30. dxc5 bxc5 31. Ne3 Nb5 32. Qxa8 Rxa8 33. Bxd5 Rac8 34.
a4 Nd4 35. Ra2 Rc7 36. a5 Rb8 37. a6 Ra7 38. Rb1 Rb6 39. Bc4 Bd6 40. Nd5 Rb8
41. Re1 Kf8 42. Re3 Nf5 43. Rd3 Re8 44. Ra1 Be5 45. Rad1 Rb8 46. Ne3 Nxe3 47.
fxe3 Rc8 48. Rd7 Rcc7 49. Rd8+ Ke7 50. Bb5 Bg3 51. Kf1 Bh4 52. Ke2 Ke6 53.
R8d6+ Ke7 54. Kf3 Bf6 55. Rd8 Bc3 56. Ke4 Bb4 57. Re8+ Kf6 58. Rd6+ Kg5 59.
Re5+ Kh4 60. Kf3 g6 61. Rd1 f5 62. Rd6 Rg7 63. g3+ Kh5 64. Kg2 c4 65. Rdd5 Rge7
66. Bxc4 1-0

[Event "SR 2. liga A 2008/2009"]
[Site "?"]
[Date "2009.02.28"]
[Round "10.5"]
[White "Samko, Karol"]
[Black "Peitl, Tomas"]
[Result "1-0"]
[WhiteElo "2048"]
[BlackElo "2033"]
[PlyCount "79"]
[EventDate "2008.??.??"]
[WhiteTeam "Slovakia"]
[BlackTeam "II"]
[WhiteTeamCountry "SVK"]
[BlackTeamCountry "SVK"]

1. e4 e6 2. d3 d5 3. Nd2 c5 4. Ngf3 Nc6 5. g3 g6 6. Bg2 Bg7 7. O-O Nf6 8. Re1
O-O 9. c3 b6 10. e5 Nd7 11. d4 cxd4 12. cxd4 Qe7 13. Nb3 h6 14. Bd2 Ba6 15. Rc1
Rac8 16. a3 Kh7 17. h4 Rc7 18. Bb4 Qd8 19. Bxf8 Bxf8 20. Bf1 Bxf1 21. Kxf1 Qc8
22. Qd3 Na5 23. Rxc7 Qxc7 24. Nxa5 bxa5 25. h5 Nb6 26. hxg6+ fxg6 27. Nh4 Qc4
28. Qxc4 Nxc4 29. Re2 g5 30. Ng2 a4 31. Ne3 Na5 32. Rc2 Kg6 33. Rc8 Bg7 34. g4
Nb3 35. Nc2 a5 36. Rc6 Kf7 37. Rc7+ Kf8 38. Rc6 Kf7 39. Rc7+ Kf8 40. Ke2 1-0

[Event "SR 2. liga A 2008/2009"]
[Site "?"]
[Date "2009.02.28"]
[Round "10.6"]
[White "Diviak, Rastislav"]
[Black "Krajnak, Robert"]
[Result "1/2-1/2"]
[WhiteElo "2022"]
[BlackElo "2079"]
[PlyCount "35"]
[EventDate "2008.??.??"]
[WhiteTeam "Slovakia"]
[BlackTeam "II"]
[WhiteTeamCountry "SVK"]
[BlackTeamCountry "SVK"]

1. e4 c5 2. Nf3 e6 3. d4 cxd4 4. Nxd4 Nc6 5. Nb5 d6 6. c4 Nf6 7. N1c3 a6 8. Na3
Be7 9. Be3 O-O 10. Be2 Ne5 11. f4 Ned7 12. O-O Qc7 13. Bf3 Re8 14. Qd2 Rb8 15.
Ba7 Ra8 16. Be3 Rb8 17. Ba7 Ra8 18. Be3 1/2-1/2

[Event "SR 2. liga A 2008/2009"]
[Site "?"]
[Date "2009.02.28"]
[Round "10.6"]
[White "Krist, Milan"]
[Black "Milanov, Jasen"]
[Result "1/2-1/2"]
[WhiteElo "2046"]
[BlackElo "1952"]
[PlyCount "76"]
[EventDate "2008.??.??"]
[WhiteTeam "Slovakia"]
[BlackTeam "II"]
[WhiteTeamCountry "SVK"]
[BlackTeamCountry "SVK"]

1. d4 e6 2. c4 d5 3. Nc3 Nf6 4. Nf3 Be7 5. Bf4 a6 6. e3 O-O 7. Bd3 dxc4 8. Bxc4
b5 9. Be2 Bb7 10. O-O Nbd7 11. Rc1 Rc8 12. h3 c5 13. dxc5 Nxc5 14. Qxd8 Rfxd8
15. Rfd1 Rxd1+ 16. Nxd1 Nd5 17. Bh2 Nb4 18. a3 Nbd3 19. Bxd3 Nxd3 20. Rxc8+
Bxc8 21. Ne5 Nc5 22. f3 Bb7 23. Kf1 h5 24. e4 Bd6 25. Ke2 f6 26. Ng4 Bxh2 27.
Nxh2 e5 28. Nf1 Ne6 29. Nfe3 Nf4+ 30. Kd2 Kf8 31. Nf2 Bc8 32. Nd3 Nxd3 33. Kxd3
Ke7 34. Nf5+ Bxf5 35. exf5 Kd6 36. Ke4 a5 37. h4 Kc5 38. Kd3 Kd5 1/2-1/2

[Event "SR 2. liga A 2008/2009"]
[Site "?"]
[Date "2009.02.28"]
[Round "10.6"]
[White "Macka, Oto"]
[Black "Flak, Juraj"]
[Result "0-1"]
[WhiteElo "2057"]
[BlackElo "2061"]
[PlyCount "106"]
[EventDate "2008.??.??"]
[WhiteTeam "Slovakia"]
[BlackTeam "II"]
[WhiteTeamCountry "SVK"]
[BlackTeamCountry "SVK"]

1. c4 Nf6 2. Nc3 e6 3. e4 d5 4. e5 d4 5. exf6 dxc3 6. bxc3 Qxf6 7. Nf3 e5 8. d4
exd4 9. cxd4 Bb4+ 10. Bd2 Bxd2+ 11. Qxd2 O-O 12. Rd1 Re8+ 13. Be2 Qe7 14. h3
Bf5 15. d5 c5 16. Kf1 Nd7 17. Re1 Nb6 18. Qf4 Qe4 19. Qxe4 Rxe4 20. Nd2 Re7 21.
g4 Bg6 22. f4 Be4 23. Rg1 Rae8 24. Kf2 Kf8 25. Nb3 Na4 26. Rg3 Bc2 27. Nc1 Re4
28. f5 b6 29. Reg1 Nb2 30. Rc3 Ba4 31. Rgg3 Bd1 32. Bf3 Bxf3 33. Kxf3 Re1 34.
Rc2 Nd1 35. Kf4 R8e4+ 36. Kg5 f6+ 37. Kh5 Ne3 38. Rc3 Kf7 39. Nd3 g6+ 40. Kh6
Nxf5+ 41. Kxh7 Nxg3 42. Nxe1 Rxe1 43. Rxg3 Re4 44. Ra3 a5 45. Rb3 f5 46. Rxb6
fxg4 47. hxg4 Rxg4 48. Rb7+ Kf6 49. Rb6+ Kf5 50. Re6 Rd4 51. Rxg6 Rh4+ 52. Rh6
Rf4 53. Rg6 Rxc4 0-1

[Event "SR 2. liga A 2008/2009"]
[Site "?"]
[Date "2009.02.28"]
[Round "10.6"]
[White "Obdrzalkova, Anita"]
[Black "Goga, Frantisek"]
[Result "0-1"]
[WhiteElo "2005"]
[BlackElo "1960"]
[PlyCount "142"]
[EventDate "2008.??.??"]
[WhiteTeam "Slovakia"]
[BlackTeam "II"]
[WhiteTeamCountry "SVK"]
[BlackTeamCountry "SVK"]

1. d4 Nf6 2. Nf3 g6 3. c4 Bg7 4. Nc3 O-O 5. e4 d6 6. Be2 e5 7. O-O Nc6 8. d5
Ne7 9. Ne1 Nd7 10. Be3 f5 11. f3 f4 12. Bf2 g5 13. b4 Nf6 14. c5 h5 15. h3 Ng6
16. Rc1 Ne8 17. Qc2 Rf7 18. Nd3 g4 19. hxg4 hxg4 20. fxg4 Qg5 21. cxd6 cxd6 22.
Ne1 Bxg4 23. Bxg4 Qxg4 24. Nf3 Bf8 25. Qe2 Rh7 26. Nd2 Qg5 27. Rfd1 Nf6 28. Nf3
Qh6 29. Kf1 Qh1+ 30. Bg1 Ng4 31. Rd2 Rc8 32. Ke1 Nh4 33. Qf1 Rhc7 34. Rdc2 Be7
35. Bxa7 Nxf3+ 36. gxf3 Bh4+ 37. Kd2 Qxf1 38. Rxf1 Ne3 39. Rg1+ Kf7 40. Bxe3
fxe3+ 41. Kd3 e2 42. Kxe2 Rxc3 43. Rxc3 Rxc3 44. Rh1 Bf6 45. a4 Rb3 46. b5 Ra3
47. Rc1 Bd8 48. Rc8 Ke8 49. Rb8 b6 50. Ra8 Kd7 51. Kf2 Bh4+ 52. Kg2 Kc7 53.
Ra7+ Kc8 54. Kh3 Bd8 55. Kg4 Bc7 56. f4 exf4 57. Kxf4 Kb8 58. Ra6 Kb7 59. Kf5
Rf3+ 60. Ke6 Rf4 61. e5 Re4 62. a5 Rxe5+ 63. Kd7 Rxd5 64. axb6 Bxb6 65. Ra1 Bc5
66. Rb1 Kb6 67. Ke6 Re5+ 68. Kf6 Re4 69. Kf5 Rb4 70. Rd1 Rxb5 71. Ke6 Kc6 0-1

[Event "SR 2. liga A 2008/2009"]
[Site "?"]
[Date "2009.02.28"]
[Round "10.6"]
[White "Skreno, Vladimir"]
[Black "Federic, Jozef"]
[Result "0-1"]
[WhiteElo "2208"]
[BlackElo "2239"]
[PlyCount "70"]
[EventDate "2008.??.??"]
[WhiteTeam "Slovakia"]
[BlackTeam "II"]
[WhiteTeamCountry "SVK"]
[BlackTeamCountry "SVK"]

1. e4 c5 2. Nf3 e6 3. d4 cxd4 4. Nxd4 Nf6 5. Nc3 Nc6 6. Ndb5 Bb4 7. a3 Bxc3+ 8.
Nxc3 d5 9. exd5 exd5 10. Bd3 O-O 11. O-O d4 12. Ne2 Bg4 13. Bg5 Qd6 14. Qd2
Rfe8 15. Rfe1 Bxe2 16. Bf4 Qd7 17. Rxe2 Rxe2 18. Bxe2 Re8 19. Bf3 Qf5 20. Bxc6
bxc6 21. Qxd4 Qxc2 22. Be3 Nd5 23. Qxa7 Qxb2 24. Rf1 Nc3 25. a4 h6 26. a5 Re5
27. h3 Rf5 28. Qc7 Kh7 29. a6 Nd5 30. Qb7 Qe2 31. Bd4 Rg5 32. Qb1+ f5 33. a7
Qf3 34. Qxf5+ Qxf5 35. f4 Nxf4 0-1

[Event "SR 2. liga A 2008/2009"]
[Site "?"]
[Date "2009.02.28"]
[Round "10.6"]
[White "Soldan, Jan"]
[Black "Kollarik, Gorazd"]
[Result "1/2-1/2"]
[WhiteElo "1934"]
[BlackElo "1941"]
[PlyCount "59"]
[EventDate "2008.??.??"]
[WhiteTeam "Slovakia"]
[BlackTeam "II"]
[WhiteTeamCountry "SVK"]
[BlackTeamCountry "SVK"]

1. e4 c5 2. Nf3 Nc6 3. d4 cxd4 4. Nxd4 Nf6 5. Nc3 e5 6. Nf3 Be7 7. Bc4 O-O 8.
O-O d6 9. h3 a6 10. a4 Qc7 11. Be3 Na5 12. Ba2 Nc4 13. Bc1 h6 14. Qd3 Be6 15.
b3 Na5 16. Bb2 Rac8 17. Rac1 Qb6 18. Ne2 Nc6 19. Bb1 Qb4 20. Nd2 Qb6 21. Kh1
Nb4 22. Qg3 Nh5 23. Qf3 Nf6 24. g4 d5 25. Kh2 Nxe4 26. Nxe4 dxe4 27. Qxe4 Bd5
28. Qe3 Qxe3 29. fxe3 f6 30. c3 1/2-1/2

[Event "SR 2. liga A 2008/2009"]
[Site "?"]
[Date "2009.02.28"]
[Round "10.6"]
[White "Zacik, Anton"]
[Black "Manak, Jozef"]
[Result "1/2-1/2"]
[WhiteElo "2048"]
[BlackElo "2009"]
[PlyCount "27"]
[EventDate "2008.??.??"]
[WhiteTeam "Slovakia"]
[BlackTeam "II"]
[WhiteTeamCountry "SVK"]
[BlackTeamCountry "SVK"]

1. e4 c5 2. Nf3 a6 3. c4 Nc6 4. d4 cxd4 5. Nxd4 Nf6 6. Nc3 e5 7. Nc2 Bc5 8. Be3
d6 9. Bxc5 dxc5 10. Qxd8+ Nxd8 11. Nd5 O-O 12. Nxf6+ gxf6 13. Ne3 Nc6 14. O-O-O
1/2-1/2

[Event "SR 2. liga A 2008/2009"]
[Site "?"]
[Date "2009.02.28"]
[Round "10.7"]
[White "Farkas, Vladimir"]
[Black "Cajka, Tibor"]
[Result "0-1"]
[WhiteElo "2035"]
[BlackElo "1907"]
[PlyCount "174"]
[EventDate "2008.??.??"]
[WhiteTeam "Slovakia"]
[BlackTeam "II"]
[WhiteTeamCountry "SVK"]
[BlackTeamCountry "SVK"]

1. e4 c5 2. Nf3 d6 3. Nc3 Nc6 4. d3 g6 5. Be3 Bg7 6. h3 e6 7. Qd2 Nd4 8. Nh2
Rb8 9. Nd1 d5 10. c3 Nc6 11. Bxc5 b6 12. exd5 bxc5 13. dxc6 Ne7 14. Be2 Nxc6
15. O-O Ba6 16. Nf3 Qb6 17. Qc2 O-O 18. Rb1 Rbd8 19. Ne3 Rd7 20. a3 Rfd8 21.
Rfd1 Ne7 22. Nc4 Qc7 23. Ne3 Nd5 24. c4 Nf4 25. Bf1 Bb7 26. Ne1 Qc6 27. f3 Bd4
28. Qf2 Qd6 29. N1c2 Be5 30. Ng4 Bg7 31. b4 cxb4 32. axb4 h5 33. Nge3 e5 34. g3
Ne6 35. c5 Qc6 36. Ne1 Ng5 37. Kg2 Qe6 38. h4 Nh7 39. Nc4 e4 40. fxe4 Bxe4+ 41.
Nf3 Bxd3 42. Nd6 Bxb1 43. Rxb1 Nf6 44. Bc4 Rxd6 45. Bxe6 Rxe6 46. Ng5 Re5 47.
Re1 Rf5 48. Qa2 Ng4 49. Re2 Bd4 50. Ne4 Ne3+ 51. Kh3 Ng4 52. Qb1 Ne3 53. Rf2
Re5 54. Nd6 Nf5 55. Rd2 Bc3 56. Rg2 Nxd6 57. cxd6 Rxd6 58. Qb3 Bd4 59. Qc4 Bb6
60. g4 hxg4+ 61. Rxg4 Re3+ 62. Rg3 Rxg3+ 63. Kxg3 Rd4 64. Qc8+ Kh7 65. Qc3 Re4
66. Qd2 Rd4 67. Qc3 Re4 68. Qd2 Bc7+ 69. Kf3 Rf4+ 70. Ke3 Rf5 71. Qd7 Bb6+ 72.
Kd3 Kg7 73. Ke4 Rh5 74. Qe7 Bf2 75. Kf3 Rf5+ 76. Kg4 Bd4 77. h5 Rxh5 78. b5
Rxb5 79. Qe4 Rb4 80. Kf3 a5 81. Ke2 a4 82. Qd3 Bb2 83. Qc2 a3 84. Qb1 Bc3 85.
Qd3 Rb2+ 86. Ke3 Rb3 87. Qc4 a2 0-1

[Event "SR 2. liga A 2008/2009"]
[Site "?"]
[Date "2009.02.28"]
[Round "10.7"]
[White "Hricak, Vasil"]
[Black "Bury, Rastislav"]
[Result "1/2-1/2"]
[WhiteElo "2046"]
[BlackElo "2088"]
[PlyCount "100"]
[EventDate "2008.??.??"]
[WhiteTeam "Slovakia"]
[BlackTeam "II"]
[WhiteTeamCountry "SVK"]
[BlackTeamCountry "SVK"]

1. e4 c5 2. Nf3 d6 3. d4 cxd4 4. Nxd4 Nf6 5. Nc3 a6 6. Be3 e5 7. Nb3 Be6 8. Be2
Be7 9. O-O Nbd7 10. a4 Nc5 11. Nxc5 dxc5 12. Qxd8+ Rxd8 13. Rad1 O-O 14. Rxd8
Rxd8 15. Rd1 Rxd1+ 16. Bxd1 c4 17. f3 Nd7 18. Be2 Bc5 19. Bxc5 Nxc5 20. a5 Kf8
21. Nd5 Bxd5 22. exd5 Na4 23. Bxc4 Nxb2 24. Bb3 Ke7 25. Kf2 Nd1+ 26. Ke2 Nc3+
27. Kd3 Nb5 28. Kc4 Nd4 29. Kb4 h5 30. c3 Ne2 31. Bc4 Nf4 32. g3 Ng2 33. Kc5
Ne3 34. d6+ Kd7 35. Bxf7 h4 36. Bd5 Nf5 37. Bxb7 Nxd6 38. Bxa6 e4 39. fxe4
Nxe4+ 40. Kd5 hxg3 41. hxg3 Nxg3 42. Bb5+ Kc7 43. Ke5 g5 44. a6 g4 45. Kf4 Nh5+
46. Kxg4 Nf6+ 47. Kf5 Nd5 48. c4 Nb4 49. c5 Nxa6 50. Bxa6 Kc6 1/2-1/2

[Event "SR 2. liga A 2008/2009"]
[Site "?"]
[Date "2009.02.28"]
[Round "10.7"]
[White "Macko, Tibor"]
[Black "Srna, Jan"]
[Result "1/2-1/2"]
[WhiteElo "2152"]
[BlackElo "2042"]
[PlyCount "60"]
[EventDate "2008.??.??"]
[WhiteTeam "Slovakia"]
[BlackTeam "II"]
[WhiteTeamCountry "SVK"]
[BlackTeamCountry "SVK"]

1. e4 e6 2. d4 d5 3. e5 c5 4. c3 Qb6 5. Nf3 Nc6 6. Bd3 Bd7 7. dxc5 Bxc5 8. O-O
Qc7 9. Qe2 Nge7 10. Nbd2 Ng6 11. Nb3 Be7 12. Re1 O-O 13. Nbd4 Qd8 14. Bc2 Bc5
15. Bxg6 fxg6 16. Be3 Be7 17. Qd2 a6 18. Bg5 Nxd4 19. cxd4 Bxg5 20. Nxg5 Qe7
21. Rac1 Bc6 22. Rc3 Rf5 23. h4 Raf8 24. Rf3 h6 25. Rxf5 gxf5 26. Nf3 f4 27.
Qc2 Be8 28. Rc1 Bh5 29. Qc7 Qb4 30. Qc3 Qe7 1/2-1/2

[Event "SR 2. liga A 2008/2009"]
[Site "?"]
[Date "2009.02.28"]
[Round "10.7"]
[White "Slamena, Michal"]
[Black "Horvath, Marek"]
[Result "1-0"]
[WhiteElo "1944"]
[BlackElo "1839"]
[PlyCount "61"]
[EventDate "2008.??.??"]
[WhiteTeam "Slovakia"]
[BlackTeam "II"]
[WhiteTeamCountry "SVK"]
[BlackTeamCountry "SVK"]

1. e4 e5 2. Nf3 Nf6 3. Nxe5 d6 4. Nf3 Nxe4 5. Nc3 Nf6 6. d4 d5 7. Bf4 Bd6 8.
Qd2 O-O 9. O-O-O Bf5 10. Bxd6 Qxd6 11. Qg5 Bg6 12. Bd3 Bxd3 13. Rxd3 Ne4 14.
Qh4 Re8 15. Ng5 Nxg5 16. Qxg5 c6 17. Rg3 g6 18. h4 Nd7 19. h5 Qf6 20. Qd2 Re7
21. Rf3 Qd6 22. Nd1 Rae8 23. Qg5 Re1 24. Rxe1 Rxe1 25. Qd8+ Kg7 26. h6+ Kxh6
27. Rxf7 Qh2 28. Qxd7 Qxg2 29. Rxh7+ Kg5 30. Qd8+ Kf4 31. Qf6+ 1-0

[Event "SR 2. liga A 2008/2009"]
[Site "?"]
[Date "2009.02.28"]
[Round "10.7"]
[White "Tomanek, Rafael"]
[Black "Lesny, Stefan"]
[Result "1/2-1/2"]
[WhiteElo "1979"]
[BlackElo "2105"]
[PlyCount "42"]
[EventDate "2008.??.??"]
[WhiteTeam "Slovakia"]
[BlackTeam "II"]
[WhiteTeamCountry "SVK"]
[BlackTeamCountry "SVK"]

1. d4 d5 2. Nf3 e6 3. c4 c6 4. Nc3 f5 5. Bf4 Nf6 6. e3 Bb4 7. a3 Be7 8. Bd3 O-O
9. O-O Nbd7 10. Qc2 Ne4 11. Ne5 Ndf6 12. f3 Nxc3 13. Qxc3 Nh5 14. Bg3 Nxg3 15.
hxg3 Bd6 16. c5 Bc7 17. Kf2 Bd7 18. Rh1 Be8 19. Rh3 Qe7 20. Rah1 Bg6 21. f4
Bxe5 1/2-1/2